00563 2200205 4500001002100000005001500021035002000036007000300056008004100059020001800100082001200118084001800130100003300148245006600181250001100247260003800258300003000296650001700326990001400343INLIS00000000000773520260422103257 a0010-0426000046ta260422 | | ind  a979-002-587-4 a636.514 a636.514 KHO a1 aKholis, Syahrul ; B. Sarwono1 aAyam Elba Kampung Petelur Super /cSyahrul Kholis; B. Sarwono aCet. 1 aJakarta :bPenebar Swadaya,c2013 a132 hlm :bilus ;c23 cm. 4aAyam Petelur a4916/2024